[Event "Madrid-chT 2021"]
[Site "Madrid"]
[Date "2021.03.21"]
[Round "5.6"]
[White "Bento Iglesias, Pablo"]
[Black "Zhou, Lulu"]
[Result "1-0"]
[WhiteElo "1960"]
[BlackElo "2087"]
[PlyCount "131"]
[EventDate "2021.01.24"]
[EventType "team-tourn"]
[EventRounds "14"]
[EventCountry "ESP"]
[SourceTitle "Ajedrez en Madrid"]
[Source "lmi"]
[SourceDate "2021.01.23"]
[SourceVersion "1"]
[SourceVersionDate "2021.06.08"]
[SourceQuality "1"]
[WhiteTeam "Blanco y Negro"]
[BlackTeam "Collado Villalba"]
[WhiteTeamCountry "ESP"]
[BlackTeamCountry "ESP"]

1. d4 Nf6 2. c4 e6 3. Nf3 b6 4. g3 Ba6 5. Qa4 Bb7 6. Bg2 Be7 7. O-O O-O 8. Nc3
d5 9. Ne5 c6 10. Rd1 Nfd7 11. Nxd7 Nxd7 12. e4 Nf6 13. b3 Qc8 14. Ba3 Re8 15.
Bxe7 Rxe7 16. e5 Ne8 17. c5 Ba6 18. Qa3 Rc7 19. Rac1 Rb8 20. Bh3 g6 21. Rc2 Ng7
22. cxb6 axb6 23. Nxd5 cxd5 24. Rxc7 Qxc7 25. Qxa6 Qc2 26. Bg4 h5 27. Bf3 Nf5
28. Qe2 Rc8 29. Qd2 Qc6 30. h3 Qc7 31. g4 Nh4 32. Be2 hxg4 33. hxg4 Qd8 34. f4
Kg7 35. Kf2 f6 36. Rh1 g5 37. Bd3 fxe5 38. dxe5 Qe7 39. f5 Rf8 40. f6+ Rxf6+
41. exf6+ Qxf6+ 42. Kg3 Qf3+ 43. Kh2 Qxg4 44. Rf1 Nf3+ 45. Rxf3 Qxf3 46. Qxg5+
Kf7 47. Bg6+ Kf8 48. Qh6+ Ke7 49. Qh4+ Kd7 50. Qg3 Qe2+ 51. Qg2 Qe5+ 52. Kh3
Qe3+ 53. Kh4 Qh6+ 54. Bh5 Qf4+ 55. Bg4 Qh6+ 56. Bh5 Qf4+ 57. Kh3 Qf5+ 58. Bg4
Qe5 59. Qe2 Qxe2 60. Bxe2 Kd6 61. b4 e5 62. Kg4 d4 63. Bc4 b5 64. Bxb5 Kd5 65.
Kf3 e4+ 66. Ke2 1-0

[Event "Madrid-chT 2021"]
[Site "Madrid"]
[Date "2021.03.21"]
[Round "5.1"]
[White "Montañes Arribas, Adrian"]
[Black "Herrera, Irisberto"]
[Result "1/2-1/2"]
[WhiteElo "2268"]
[BlackElo "2420"]
[PlyCount "123"]
[EventDate "2021.01.24"]
[EventType "team-tourn"]
[EventRounds "14"]
[EventCountry "ESP"]
[SourceTitle "Ajedrez en Madrid"]
[Source "lmi"]
[SourceDate "2021.01.23"]
[SourceVersion "1"]
[SourceVersionDate "2021.06.08"]
[SourceQuality "1"]
[WhiteTeam "Vallecas CDV"]
[BlackTeam "Capablanca"]
[WhiteTeamCountry "ESP"]
[BlackTeamCountry "ESP"]

1. d4 Nf6 2. c4 g6 3. g3 Bg7 4. Bg2 d5 5. cxd5 Nxd5 6. Nf3 Nb6 7. O-O Nc6 8. e3
O-O 9. Nc3 e5 10. d5 Na5 11. e4 c6 12. Bg5 f6 13. Be3 cxd5 14. Bxb6 axb6 15.
Qxd5+ Kh8 16. Rfd1 Qe7 17. Qb5 Qc5 18. Rd5 Qxb5 19. Rxb5 Rf7 20. Nd5 Bd7 21.
Rxb6 Be8 22. Rc1 Nc6 23. a3 Bf8 24. Bh3 Bh6 25. Re1 f5 26. exf5 Ra5 27. Ne3
Bxe3 28. fxe3 gxf5 29. Nh4 e4 30. Rf1 Ne5 31. Rxf5 Rc5 32. Rxf7 Bxf7 33. Rf6
Rc1+ 34. Rf1 Rc2 35. Rf5 Rc1+ 36. Bf1 Bc4 37. Rxe5 Bxf1 38. Kf2 Bd3 39. g4 b5
40. Nf5 Kg8 41. b4 Rf1+ 42. Kg3 h5 43. h3 hxg4 44. hxg4 Kf7 45. Nd6+ Kg6 46.
Nxe4 Rg1+ 47. Kf3 Ra1 48. Nd6 Rxa3 49. Nxb5 Rb3 50. Nd4 Rxb4 51. Kf4 Rb1 52.
Re6+ Kf7 53. Rc6 Rf1+ 54. Kg5 Re1 55. Rc7+ Ke8 56. Nf5 Bxf5 57. gxf5 Rxe3 58.
Kf6 Rf3 59. Rc8+ Kd7 60. Ra8 Rf1 61. Ra7+ Ke8 62. Ra8+ 1/2-1/2

[Event "Madrid-chT 2021"]
[Site "Madrid"]
[Date "2021.03.21"]
[Round "5.2"]
[White "Bolado Saez, Sergio"]
[Black "Martin Garcia, Guillermo Li"]
[Result "0-1"]
[WhiteElo "2355"]
[BlackElo "2240"]
[PlyCount "42"]
[EventDate "2021.01.24"]
[EventType "team-tourn"]
[EventRounds "14"]
[EventCountry "ESP"]
[SourceTitle "Ajedrez en Madrid"]
[Source "lmi"]
[SourceDate "2021.01.23"]
[SourceVersion "1"]
[SourceVersionDate "2021.06.08"]
[SourceQuality "1"]
[WhiteTeam "Capablanca"]
[BlackTeam "Vallecas CDV"]
[WhiteTeamCountry "ESP"]
[BlackTeamCountry "ESP"]

1. d4 Nf6 2. Bf4 g6 3. Nc3 d5 4. Qd2 Bg7 5. f3 c5 6. Nb5 Na6 7. dxc5 Nh5 8. Be3
Bxb2 9. Rd1 Bg7 10. c4 d4 11. g4 Nf6 12. Bxd4 O-O 13. h4 h5 14. Qc3 hxg4 15. h5
gxh5 16. Qc2 e5 17. Bxe5 Qe7 18. Bxf6 Qxf6 19. Rd5 Nb4 20. Qe4 Nxd5 21. Rxh5
Qa1+ 0-1

[Event "Madrid-chT 2021"]
[Site "Madrid"]
[Date "2021.03.21"]
[Round "5.3"]
[White "Beltran de Heredia Eguiaz, Miguel Angel"]
[Black "Tejedo Meneses, Alvaro"]
[Result "1-0"]
[WhiteElo "2199"]
[BlackElo "2052"]
[PlyCount "69"]
[EventDate "2021.01.24"]
[EventType "team-tourn"]
[EventRounds "14"]
[EventCountry "ESP"]
[SourceTitle "Ajedrez en Madrid"]
[Source "lmi"]
[SourceDate "2021.01.23"]
[SourceVersion "1"]
[SourceVersionDate "2021.06.08"]
[SourceQuality "1"]
[WhiteTeam "Vallecas CDV"]
[BlackTeam "Capablanca"]
[WhiteTeamCountry "ESP"]
[BlackTeamCountry "ESP"]

1. e4 c5 2. Nf3 d6 3. d4 cxd4 4. Nxd4 Nf6 5. Nc3 a6 6. h4 b5 7. a4 e5 8. Nb3 b4
9. Nd5 Nxd5 10. Qxd5 Ra7 11. Be3 Be6 12. Qd2 Rd7 13. Qxb4 Be7 14. O-O-O O-O 15.
Bd3 Qc8 16. Kb1 d5 17. Qc3 Nc6 18. exd5 Bxd5 19. Nc5 Bxc5 20. Bxc5 Rfd8 21. Bb6
Re8 22. Bf5 Be6 23. Be4 Nd4 24. Qxc8 Rxc8 25. Bxd4 exd4 26. Rhe1 h6 27. Bd3 Rc6
28. Re5 Kf8 29. Rde1 Rdd6 30. Bf5 Ke7 31. f4 Kf6 32. Bd3 Bd7 33. a5 Be6 34. Kc1
Bd5 35. Rf5+ 1-0

[Event "Madrid-chT 2021"]
[Site "Madrid"]
[Date "2021.03.21"]
[Round "5.4"]
[White "Porras Fernandez, Alberto"]
[Black "Morona Minguez, Miguel"]
[Result "1/2-1/2"]
[WhiteElo "1916"]
[BlackElo "2045"]
[PlyCount "60"]
[EventDate "2021.01.24"]
[EventType "team-tourn"]
[EventRounds "14"]
[EventCountry "ESP"]
[SourceTitle "Ajedrez en Madrid"]
[Source "lmi"]
[SourceDate "2021.01.23"]
[SourceVersion "1"]
[SourceVersionDate "2021.06.08"]
[SourceQuality "1"]
[WhiteTeam "Capablanca"]
[BlackTeam "Vallecas CDV"]
[WhiteTeamCountry "ESP"]
[BlackTeamCountry "ESP"]

1. e4 e6 2. d4 d5 3. Nd2 Be7 4. Ngf3 Nf6 5. e5 Nfd7 6. Bd3 c5 7. c3 Nc6 8. O-O
g5 9. dxc5 Nxc5 10. Bc2 g4 11. Nd4 h5 12. f4 Qb6 13. Kh1 a5 14. f5 Nxe5 15. Qe2
f6 16. N2b3 exf5 17. Nxc5 Bxc5 18. Nxf5 Bxf5 19. Bxf5 Qa6 20. Qe1 Kf7 21. Bf4
Rae8 22. Qd2 Qc6 23. Rad1 Nc4 24. Qxd5+ Qxd5 25. Rxd5 b6 26. b3 Ne3 27. Bxe3
Rxe3 28. Rd7+ Re7 29. Rfd1 Rhe8 30. g3 Kg7 1/2-1/2

[Event "Madrid-chT 2021"]
[Site "Madrid"]
[Date "2021.03.21"]
[Round "5.5"]
[White "Ballesteros Galvez, Daniel"]
[Black "Fernandez Rosado, Roberto"]
[Result "1/2-1/2"]
[WhiteElo "1932"]
[BlackElo "2081"]
[PlyCount "84"]
[EventDate "2021.01.24"]
[EventType "team-tourn"]
[EventRounds "14"]
[EventCountry "ESP"]
[SourceTitle "Ajedrez en Madrid"]
[Source "lmi"]
[SourceDate "2021.01.23"]
[SourceVersion "1"]
[SourceVersionDate "2021.06.08"]
[SourceQuality "1"]
[WhiteTeam "Vallecas CDV"]
[BlackTeam "Capablanca"]
[WhiteTeamCountry "ESP"]
[BlackTeamCountry "ESP"]

1. e4 e5 2. Nf3 Nc6 3. Bb5 a6 4. Ba4 Nf6 5. O-O b5 6. Bb3 Be7 7. d3 d6 8. a3
O-O 9. Nc3 Bg4 10. Be3 Rc8 11. Nd5 Nd4 12. Bxd4 exd4 13. h3 Bxf3 14. Qxf3 Nxd5
15. Bxd5 Bf6 16. Bc6 Rb8 17. b4 Rb6 18. Bd5 c6 19. Bb3 a5 20. bxa5 Ra6 21. a4
b4 22. Qg3 Rxa5 23. f4 Qe7 24. Qf3 Kh8 25. Rae1 g6 26. e5 dxe5 27. Qxc6 Bg7 28.
Qb6 Raa8 29. f5 gxf5 30. Rxf5 Qd7 31. Ref1 f6 32. Qxb4 Bh6 33. Rxf6 Rxf6 34.
Rxf6 Qg7 35. Qd6 Qg5 36. Rxh6 Qc1+ 37. Kf2 Qe3+ 38. Kf1 Qc1+ 39. Ke2 Qe3+ 40.
Kd1 Qg1+ 41. Kd2 Qe3+ 42. Kd1 Qg1+ 1/2-1/2

[Event "Madrid-chT 2021"]
[Site "Madrid"]
[Date "2021.03.20"]
[Round "5.1"]
[White "Valles Moreno, Ivan"]
[Black "Reyes Larena, Juan"]
[Result "0-1"]
[WhiteElo "2412"]
[BlackElo "2451"]
[PlyCount "94"]
[EventDate "2021.01.24"]
[EventType "team-tourn"]
[EventRounds "14"]
[EventCountry "ESP"]
[SourceTitle "Ajedrez en Madrid"]
[Source "lmi"]
[SourceDate "2021.01.23"]
[SourceVersion "1"]
[SourceVersionDate "2021.06.08"]
[SourceQuality "1"]
[WhiteTeam "Villalba 64"]
[BlackTeam "San Sebastian de los Reyes"]
[WhiteTeamCountry "ESP"]
[BlackTeamCountry "ESP"]

1. Nf3 Nf6 2. g3 g6 3. Bg2 Bg7 4. O-O O-O 5. d4 d6 6. Re1 Nbd7 7. e4 e5 8. Nc3
c6 9. a4 a5 10. h3 Re8 11. Be3 exd4 12. Bxd4 Nf8 13. Qd2 Ne6 14. Be3 Nc5 15.
Bg5 h6 16. Bxh6 Nfxe4 17. Nxe4 Nxe4 18. Qf4 d5 19. Ng5 Nxg5 20. Rxe8+ Qxe8 21.
Qxg5 Bxb2 22. Rb1 Bg7 23. Bxg7 Kxg7 24. Qd2 Qe7 25. g4 Qc5 26. Bf1 b6 27. Rb3
Be6 28. Rf3 b5 29. Bd3 Qd6 30. Qg5 Bd7 31. h4 Rh8 32. h5 bxa4 33. Kf1 a3 34.
h6+ Rxh6 35. Rxf7+ Kxf7 36. Qxh6 Be8 37. Qh7+ Kf8 38. Qh8+ Ke7 39. Qg7+ Bf7 40.
Qd4 c5 41. Qe3+ Kd8 42. Bb5 a2 43. Qc3 d4 44. Qxa5+ Ke7 45. g5 Kf8 46. Be2 d3
47. Bxd3 Qd4 0-1

[Event "Madrid-chT 2021"]
[Site "Madrid"]
[Date "2021.03.20"]
[Round "5.2"]
[White "Martinez Fernandez, Raul"]
[Black "Garcia Luengo, Leandro"]
[Result "1/2-1/2"]
[WhiteElo "2169"]
[BlackElo "2350"]
[PlyCount "83"]
[EventDate "2021.01.24"]
[EventType "team-tourn"]
[EventRounds "14"]
[EventCountry "ESP"]
[SourceTitle "Ajedrez en Madrid"]
[Source "lmi"]
[SourceDate "2021.01.23"]
[SourceVersion "1"]
[SourceVersionDate "2021.06.08"]
[SourceQuality "1"]
[WhiteTeam "San Sebastian de los Reyes"]
[BlackTeam "Villalba 64"]
[WhiteTeamCountry "ESP"]
[BlackTeamCountry "ESP"]

1. e4 c5 2. Nf3 g6 3. c3 Bg7 4. d4 cxd4 5. cxd4 d5 6. exd5 Nf6 7. Bb5+ Nbd7 8.
d6 O-O 9. O-O exd6 10. Bf4 Nb6 11. Nc3 Nbd5 12. Nxd5 Nxd5 13. Bg5 Qb6 14. Qb3
Be6 15. Bc4 Qxb3 16. Bxb3 Rfc8 17. Rac1 h6 18. Bd2 Rc7 19. h3 Rac8 20. Rxc7
Rxc7 21. Re1 Rc8 22. Kf1 Kf8 23. Ke2 Re8 24. Kf1 g5 25. h4 g4 26. Ng1 Nc7 27.
Bxe6 Nxe6 28. Ne2 Nxd4 29. Nxd4 Rxe1+ 30. Kxe1 Bxd4 31. Bxh6+ Ke7 32. Be3 Bxb2
33. Bxa7 Ke6 34. Ke2 Ke5 35. Kd3 d5 36. Be3 Kf5 37. Bd4 Ba3 38. Bc3 Bc5 39. Bd4
Bd6 40. g3 Ba3 41. Bb6 Bb2 42. Bd4 1/2-1/2

[Event "Madrid-chT 2021"]
[Site "Madrid"]
[Date "2021.03.20"]
[Round "5.3"]
[White "Yashas, Devappa"]
[Black "Reyes Peñas, Sebastian"]
[Result "0-1"]
[WhiteElo "2296"]
[BlackElo "2201"]
[PlyCount "204"]
[EventDate "2021.01.24"]
[EventType "team-tourn"]
[EventRounds "14"]
[EventCountry "ESP"]
[SourceTitle "Ajedrez en Madrid"]
[Source "lmi"]
[SourceDate "2021.01.23"]
[SourceVersion "1"]
[SourceVersionDate "2021.06.08"]
[SourceQuality "1"]
[WhiteTeam "Villalba 64"]
[BlackTeam "San Sebastian de los Reyes"]
[WhiteTeamCountry "ESP"]
[BlackTeamCountry "ESP"]

1. b4 e5 2. Bb2 Bxb4 3. Bxe5 Nf6 4. Nf3 O-O 5. a3 Be7 6. e3 d5 7. Be2 c5 8. c4
Nc6 9. Bb2 Be6 10. Qc2 Rc8 11. Ng5 d4 12. Nxe6 fxe6 13. O-O Qd6 14. d3 Ne5 15.
exd4 cxd4 16. Qd1 Nfd7 17. Nd2 Nc5 18. Nb3 Nxb3 19. Qxb3 Nd7 20. a4 Nc5 21. Qd1
e5 22. Ba3 Qc7 23. Bf3 Na6 24. Bd5+ Kh8 25. Bc1 Nc5 26. Re1 b6 27. Ba3 Bd6 28.
Bxc5 bxc5 29. Qh5 g6 30. Qh3 Rb8 31. Rab1 Rxb1 32. Rxb1 Rb8 33. Rb5 a6 34.
Rxb8+ Qxb8 35. g3 Qe8 36. a5 Bc7 37. Qh6 Bxa5 38. h4 Bd8 39. h5 gxh5 40. Be4
Qf7 41. Qxa6 Kg7 42. Qc8 Be7 43. Bd5 Qg6 44. Qd7 Kf8 45. Be4 Qf7 46. Qc7 Qf6
47. Bxh7 Kg7 48. Be4 h4 49. gxh4 Kh6 50. Qc8 Kh5 51. Kg2 Kxh4 52. Qh3+ Kg5 53.
Qh7 Kf4 54. Kf1 Kg5 55. Ke2 Bf8 56. Qh3 Qf4 57. Qh7 Qf6 58. Qg8+ Kh6 59. Kf1
Be7 60. Qh7+ Kg5 61. Ke2 Bf8 62. Bf3 Qg7 63. Qe4 Kf6 64. Qc6+ Kg5 65. Qe8 Kf6
66. Qc6+ Kg5 67. Qe6 Qf6 68. Qg4+ Kh6 69. Qh5+ Kg7 70. Be4 Be7 71. Qh7+ Kf8 72.
Bd5 Ke8 73. Qg8+ Bf8 74. Qg4 Ke7 75. Qc8 Qd6 76. Qb7+ Qd7 77. Qa6 Qd6 78. Qc8
Kf6 79. Qe8 Qe7 80. Qh5 Qg7 81. Bf3 Qg6 82. Qh3 Be7 83. Be4 Qg5 84. Qh8+ Qg7
85. Qc8 Qg5 86. Bd5 Qg7 87. Kf3 Qf8 88. Qg4 Bd6 89. Ke4 Ke7 90. Qe6+ Kd8 91.
Bc6 Qe7 92. Qg8+ Kc7 93. Qa8 Qh7+ 94. Kf3 Qh1+ 95. Kg4 Qxc6 96. Qa7+ Kd8 97.
Qa5+ Bc7 98. Qa3 Ke7 99. Qa7 e4 100. dxe4 Qxe4+ 101. Kh5 Qe5+ 102. Kg6 d3 0-1

[Event "Madrid-chT 2021"]
[Site "Madrid"]
[Date "2021.03.20"]
[Round "5.4"]
[White "Alfaya Marcelo, Roberto"]
[Black "Sanchez Gonzalez, Sergio"]
[Result "0-1"]
[WhiteElo "2199"]
[BlackElo "2281"]
[PlyCount "116"]
[EventDate "2021.01.24"]
[EventType "team-tourn"]
[EventRounds "14"]
[EventCountry "ESP"]
[SourceTitle "Ajedrez en Madrid"]
[Source "lmi"]
[SourceDate "2021.01.23"]
[SourceVersion "1"]
[SourceVersionDate "2021.06.08"]
[SourceQuality "1"]
[WhiteTeam "San Sebastian de los Reyes"]
[BlackTeam "Villalba 64"]
[WhiteTeamCountry "ESP"]
[BlackTeamCountry "ESP"]

1. c4 Nf6 2. Nc3 d5 3. cxd5 Nxd5 4. g3 g6 5. Bg2 Nxc3 6. bxc3 Bg7 7. Nf3 O-O 8.
O-O c5 9. d3 Bxc3 10. Rb1 Nc6 11. Bh6 Bg7 12. Bxg7 Kxg7 13. Qc2 Qd6 14. Rfc1
Nd4 15. Nxd4 cxd4 16. Bxb7 Bxb7 17. Rxb7 Qe5 18. Qc4 Qxe2 19. Qxd4+ e5 20. Qe4
Qxa2 21. Qxe5+ Kg8 22. Rcc7 a5 23. h4 Rae8 24. Qd4 a4 25. h5 Re1+ 26. Kg2 Qe2
27. Rb5 a3 28. Ra7 a2 29. Rba5 Rd1 30. Rxa2 Qf1+ 31. Kf3 Rxd3+ 32. Qxd3 Qxd3+
33. Kg2 Qd5+ 34. f3 Qxh5 35. R2a5 Qh6 36. f4 Rd8 37. Ra8 Qf8 38. Rxd8 Qxd8 39.
Re5 Qd2+ 40. Kf3 Qd1+ 41. Kf2 Kg7 42. Re2 h5 43. Re5 Kf6 44. Ra5 Qh1 45. Re5
Qh2+ 46. Kf3 Qh3 47. Kf2 Qg4 48. Re4 h4 49. gxh4 Qxh4+ 50. Kf3 Qh1+ 51. Ke3
Qh3+ 52. Kf2 Kf5 53. Rd4 Qc3 54. Rd7 Qc4 55. Kg3 Qxf4+ 56. Kh3 Ke4 57. Rb7 Kf3
58. Rb3+ Qe3 0-1

[Event "Madrid-chT 2021"]
[Site "Madrid"]
[Date "2021.03.20"]
[Round "5.5"]
[White "Perdomo Araujo, Angel Eduardo"]
[Black "Guillo Longares, Cecilia"]
[Result "1/2-1/2"]
[WhiteElo "2018"]
[BlackElo "2017"]
[PlyCount "71"]
[EventDate "2021.01.24"]
[EventType "team-tourn"]
[EventRounds "14"]
[EventCountry "ESP"]
[SourceTitle "Ajedrez en Madrid"]
[Source "lmi"]
[SourceDate "2021.01.23"]
[SourceVersion "1"]
[SourceVersionDate "2021.06.08"]
[SourceQuality "1"]
[WhiteTeam "Villalba 64"]
[BlackTeam "San Sebastian de los Reyes"]
[WhiteTeamCountry "ESP"]
[BlackTeamCountry "ESP"]

1. a3 d5 2. Nf3 c5 3. g3 Nf6 4. Bg2 g6 5. O-O Bg7 6. d4 cxd4 7. Nxd4 O-O 8. c3
e5 9. Nf3 Nc6 10. Bg5 h6 11. Be3 Be6 12. h3 Rc8 13. Qa4 Ne4 14. Rd1 Nd6 15. Bc5
b5 16. Qa6 Qd7 17. Bxd6 Qxd6 18. Qxb5 Rb8 19. Qa4 Rxb2 20. Nbd2 Qc5 21. e4 f5
22. exd5 Bxd5 23. Rab1 Bb3 24. Qa6 Bxd1 25. Rxb2 Qxc3 26. Rb7 e4 27. Nb1 Qc1
28. Ne1 Rf6 29. Bf1 Bb3 30. Rxb3 Qxe1 31. Qc4+ Kh7 32. Qd5 f4 33. Qd2 Qxd2 34.
Nxd2 fxg3 35. Rxg3 Rf4 36. Rg4 1/2-1/2

[Event "Madrid-chT 2021"]
[Site "Madrid"]
[Date "2021.03.20"]
[Round "5.6"]
[White "Hernandez Ramos, Alberto"]
[Black "Estevez Sacristan, Deva"]
[Result "0-1"]
[WhiteElo "2066"]
[BlackElo "1932"]
[PlyCount "154"]
[EventDate "2021.01.24"]
[EventType "team-tourn"]
[EventRounds "14"]
[EventCountry "ESP"]
[SourceTitle "Ajedrez en Madrid"]
[Source "lmi"]
[SourceDate "2021.01.23"]
[SourceVersion "1"]
[SourceVersionDate "2021.06.08"]
[SourceQuality "1"]
[WhiteTeam "San Sebastian de los Reyes"]
[BlackTeam "Villalba 64"]
[WhiteTeamCountry "ESP"]
[BlackTeamCountry "ESP"]

1. e4 c5 2. Nf3 g6 3. d4 cxd4 4. Nxd4 Nc6 5. c4 Bg7 6. Be3 Nf6 7. Nc3 d6 8. Be2
O-O 9. O-O Bd7 10. h3 Nxd4 11. Bxd4 Bc6 12. Qc2 Nd7 13. Bxg7 Kxg7 14. Rad1 Rc8
15. Bg4 b5 16. cxb5 Bxb5 17. Rfe1 h5 18. Bxd7 Bxd7 19. e5 dxe5 20. Rxe5 e6 21.
Qd2 Bc6 22. Qe3 Qe7 23. f4 Qb7 24. Qe2 Rfd8 25. Rf1 Rd7 26. Rg5 Rcd8 27. f5
exf5 28. Rfxf5 Re7 29. Qf2 Rd6 30. Re5 Rxe5 31. Rxe5 Rf6 32. Qe2 Qd7 33. Qe3
Qb7 34. Qe2 Qd7 35. Re3 Qd4 36. Kh1 Rf1+ 37. Qxf1 Qxe3 38. Kh2 h4 39. Qe2 Qxe2
40. Nxe2 Kf6 41. g3 hxg3+ 42. Kxg3 g5 43. Nd4 Bd7 44. Nf3 Kf5 45. h4 gxh4+ 46.
Nxh4+ Ke4 47. Nf3 f5 48. Kf2 Bb5 49. Ne1 Bc4 50. a3 Bb3 51. Ke2 f4 52. Kf2 a5
53. Ke2 a4 54. Kf2 Bd1 55. Ng2 Bg4 56. Ne1 Bh5 57. Nc2 Kd3 58. Na1 Bd1 59. Ke1
Bc2 60. Kf2 Bd1 61. Ke1 Bc2 62. Kf2 Kd2 63. Kf3 Kc1 64. b4 Bd3 65. Kxf4 Kb2 66.
Ke3 Bf1 67. Kd4 Kxa1 68. Kc3 Ka2 69. Kc2 Bb5 70. Kc1 Bc6 71. Kc2 Be4+ 72. Kc1
Kxa3 73. b5 Kb3 74. b6 Ka2 75. b7 Bxb7 76. Kc2 Be4+ 77. Kc3 a3 0-1

[Event "Madrid-chT 2021"]
[Site "Madrid"]
[Date "2021.03.21"]
[Round "5.1"]
[White "Espinosa Aranda, Angel"]
[Black "Elissalt Cardenas, Hector"]
[Result "1/2-1/2"]
[WhiteElo "2485"]
[BlackElo "2279"]
[PlyCount "41"]
[EventDate "2021.01.24"]
[EventType "team-tourn"]
[EventRounds "14"]
[EventCountry "ESP"]
[SourceTitle "Ajedrez en Madrid"]
[Source "lmi"]
[SourceDate "2021.01.23"]
[SourceVersion "1"]
[SourceVersionDate "2021.06.08"]
[SourceQuality "1"]
[WhiteTeam "Virgen de Atocha"]
[BlackTeam "Tajamar"]
[WhiteTeamCountry "ESP"]
[BlackTeamCountry "ESP"]

1. e4 d6 2. d4 Nf6 3. Nc3 e5 4. Nf3 Nbd7 5. g4 g6 6. g5 Nh5 7. Be3 c6 8. Qd2
Be7 9. O-O-O O-O 10. dxe5 dxe5 11. Bh3 Qc7 12. Qxd7 Bxd7 13. Rxd7 Qc8 14. Nxe5
h6 15. Nxg6 Qxd7 16. Bxd7 fxg6 17. h4 Bd6 18. Be6+ Kh7 19. Rd1 Rad8 20. Ne2 Nf4
21. Bc4 1/2-1/2

[Event "Madrid-chT 2021"]
[Site "Madrid"]
[Date "2021.03.21"]
[Round "5.2"]
[White "Ingunza Curro, Andres"]
[Black "Plazuelo Pascual, Juan"]
[Result "1-0"]
[WhiteElo "2264"]
[BlackElo "2465"]
[PlyCount "113"]
[EventDate "2021.01.24"]
[EventType "team-tourn"]
[EventRounds "14"]
[EventCountry "ESP"]
[SourceTitle "Ajedrez en Madrid"]
[Source "lmi"]
[SourceDate "2021.01.23"]
[SourceVersion "1"]
[SourceVersionDate "2021.06.08"]
[SourceQuality "1"]
[WhiteTeam "Tajamar"]
[BlackTeam "Virgen de Atocha"]
[WhiteTeamCountry "ESP"]
[BlackTeamCountry "ESP"]

1. e4 c5 2. Ne2 Nf6 3. Nbc3 d6 4. d4 cxd4 5. Nxd4 g6 6. f4 Nc6 7. Nxc6 bxc6 8.
e5 Nd7 9. exd6 exd6 10. Be3 Nf6 11. Qd2 Be7 12. O-O-O d5 13. h3 O-O 14. g4 Rb8
15. Bxa7 Rb7 16. Bd4 c5 17. Be5 d4 18. Bxf6 Bxf6 19. Ne4 Bg7 20. Bc4 Rb4 21. b3
Qa5 22. a4 Bd7 23. Qd3 Bxa4 24. Rhe1 Bc6 25. Kb2 Bxe4 26. Rxe4 Ra8 27. Kc1 Kf8
28. Rde1 Rb6 29. Kd1 Qc3 30. Qxc3 dxc3 31. Ke2 Rd6 32. Kf3 Bf6 33. g5 Bd8 34.
Re8+ Kg7 35. R1e3 Ra1 36. Rxc3 Rh1 37. Kg2 Rhd1 38. Bd3 Bb6 39. b4 Rc6 40. Ra3
Rd2+ 41. Kg3 Re6 42. Rxe6 fxe6 43. Ra6 c4 44. Bxc4 Rxc2 45. Rxb6 Rxc4 46. b5
Rc3+ 47. Kg4 Rb3 48. Rb7+ Kg8 49. b6 Kh8 50. h4 Kg8 51. h5 gxh5+ 52. Kxh5 Rh3+
53. Kg4 Rb3 54. g6 h6 55. Kh4 Kh8 56. Rh7+ Kg8 57. b7 1-0

[Event "Madrid-chT 2021"]
[Site "Madrid"]
[Date "2021.03.21"]
[Round "5.3"]
[White "Almagro Llamas, Pablo"]
[Black "Mkrtchyan, Levon"]
[Result "1-0"]
[WhiteElo "2423"]
[BlackElo "2213"]
[PlyCount "177"]
[EventDate "2021.01.24"]
[EventType "team-tourn"]
[EventRounds "14"]
[EventCountry "ESP"]
[SourceTitle "Ajedrez en Madrid"]
[Source "lmi"]
[SourceDate "2021.01.23"]
[SourceVersion "1"]
[SourceVersionDate "2021.06.08"]
[SourceQuality "1"]
[WhiteTeam "Virgen de Atocha"]
[BlackTeam "Tajamar"]
[WhiteTeamCountry "ESP"]
[BlackTeamCountry "ESP"]

1. d4 d5 2. c4 e6 3. Nc3 Be7 4. Nf3 Nf6 5. Bg5 h6 6. Bh4 O-O 7. e3 b6 8. cxd5
Nxd5 9. Bxe7 Qxe7 10. Nxd5 exd5 11. Rc1 Be6 12. Qa4 c5 13. Qa3 Rc8 14. Be2 a6
15. O-O Qa7 16. dxc5 bxc5 17. Ne5 Nc6 18. Nd3 c4 19. Nf4 Qe7 20. Qxe7 Nxe7 21.
Rfd1 g5 22. Nxe6 fxe6 23. e4 Rab8 24. Rd2 Rc6 25. exd5 exd5 26. Bf3 Rcb6 27.
Rcc2 Re6 28. h3 Re5 29. Rc3 Rb5 30. b3 cxb3 31. axb3 Rb4 32. Ra2 Rb6 33. Ra5
Rd6 34. Rc7 Re1+ 35. Kh2 d4 36. Ra7 d3 37. R5xa6 Rxa6 38. Rxa6 d2 39. Rd6 Rb1
40. Rxd2 Rxb3 41. Rd6 Kg7 42. Be4 Rb5 43. Re6 Ng8 44. Rg6+ Kf7 45. Rc6 Nf6 46.
Bd3 Rb2 47. f3 Rd2 48. Bf5 Ke7 49. Re6+ Kf7 50. Ra6 Ke7 51. Ra3 Nh5 52. h4 Nf4
53. Bh3 Kf6 54. Ra6+ Kg7 55. hxg5 hxg5 56. Kg3 Rb2 57. Ra5 Kf6 58. Ra6+ Kg7 59.
Kg4 Nxg2 60. Kxg5 Rb5+ 61. Kg4 Ne3+ 62. Kg3 Nd5 63. Bf1 Rb7 64. Bd3 Nf6 65. Kf4
Nd5+ 66. Kg5 Ne7 67. f4 Rd7 68. Be4 Rd1 69. f5 Rg1+ 70. Kf4 Rf1+ 71. Ke5 Nxf5
72. Bxf5 Re1+ 73. Be4 Kf7 74. Ra7+ Ke8 75. Kd5 Re3 76. Bg6+ Kf8 77. Bf5 Re1 78.
Be6 Rd1+ 79. Ke5 Re1+ 80. Kf6 Rf1+ 81. Bf5 Re1 82. Rh7 Rg1 83. Rh8+ Rg8 84. Rh2
Rg1 85. Ra2 Re1 86. Ra7 Re3 87. Rh7 Rg3 88. Rf7+ Ke8 89. Rc7 1-0

[Event "Madrid-chT 2021"]
[Site "Madrid"]
[Date "2021.03.21"]
[Round "5.4"]
[White "Rodriguez Lopez, David"]
[Black "Rubio Mejia, Luis Ignacio"]
[Result "1/2-1/2"]
[WhiteElo "2149"]
[BlackElo "2400"]
[PlyCount "66"]
[EventDate "2021.01.24"]
[EventType "team-tourn"]
[EventRounds "14"]
[EventCountry "ESP"]
[SourceTitle "Ajedrez en Madrid"]
[Source "lmi"]
[SourceDate "2021.01.23"]
[SourceVersion "1"]
[SourceVersionDate "2021.06.08"]
[SourceQuality "1"]
[WhiteTeam "Tajamar"]
[BlackTeam "Virgen de Atocha"]
[WhiteTeamCountry "ESP"]
[BlackTeamCountry "ESP"]

1. e4 c5 2. c3 Nf6 3. e5 Nd5 4. d4 cxd4 5. Nf3 e6 6. cxd4 d6 7. Bc4 Nc6 8. O-O
Be7 9. Qe2 O-O 10. Nc3 Nxc3 11. bxc3 dxe5 12. dxe5 Qa5 13. Bd2 Rd8 14. Rfd1 Bd7
15. Bb3 Rac8 16. Qe4 Be8 17. c4 Qc7 18. Be3 b6 19. Rxd8 Rxd8 20. Rc1 Bc5 21.
Bxc5 bxc5 22. Rd1 Rxd1+ 23. Bxd1 Ne7 24. Bc2 g6 25. Qa8 Nc8 26. Be4 Kf8 27. Qb7
Qxb7 28. Bxb7 Nb6 29. Nd2 Ke7 30. f4 Ba4 31. Ne4 Nxc4 32. Nxc5 Bc2 33. Be4 Bxe4
1/2-1/2